[Event "4NCL/Div4/GUI5 vs. WEA2"]
[Site "Sunningdale ENG"]
[Date "2007.02.10"]
[Round "5.2"]
[White "Lunn, Matt"]
[Black "Shaw, Matthew"]
[Result "0-1"]
[WhiteElo "1865"]
[BlackElo "1920"]
[PlyCount "94"]
[EventDate "2007.02.10"]
[EventType "team"]
[EventRounds "11"]
[EventCountry "ENG"]

1. d4 Nf6 2. c4 g6 3. Nc3 Bg7 4. e4 d6 5. f3 b6 6. Be3 Bb7 7. Qd2 h6 8. Nge2
Nbd7 9. Ng3 c5 10. d5 Ne5 11. f4 Neg4 12. Bg1 Nd7 13. h3 Ngf6 14. Be2 a6 15.
Be3 h5 16. h4 Bc8 17. Bf3 Rb8 18. Qe2 b5 19. Rb1 bxc4 20. Qxc4 Rb4 21. Qe2 Qb6
22. Qc2 O-O 23. Bd2 Qb8 24. Be2 Ne8 25. a3 Rb6 26. Bc4 a5 27. Na4 Rb7 28. Bxa5
Nef6 29. Bd2 Nb6 30. Nxb6 Rxb6 31. O-O Ng4 32. b3 Bd4+ 33. Kh1 Ba6 34. Be2 e6
35. dxe6 Qd8 36. exf7+ Rxf7 37. Bxg4 hxg4 38. Nf5 gxf5 39. g3 Rh7 40. Rfe1 fxe4
41. Rxe4 Rxh4+ 42. Kg2 Rh7 43. Ba5 Qf6 44. Re8+ Kg7 45. Bxb6 Rh2+ 46. Kxh2 Qh6+
47. Kg2 Qh3# 0-1

[Event "4NCL/Div4/GUI5 vs. WEA2"]
[Site "Sunningdale ENG"]
[Date "2007.02.10"]
[Round "5.3"]
[White "Chapman, Timothy J"]
[Black "Jones, Victor"]
[Result "0-1"]
[WhiteElo "1840"]
[BlackElo "1830"]
[PlyCount "76"]
[EventDate "2007.02.10"]
[EventType "team"]
[EventRounds "11"]
[EventCountry "ENG"]

1. e4 e6 2. d4 d5 3. e5 c5 4. c3 Nc6 5. Nf3 Qb6 6. a3 cxd4 7. cxd4 a5 8. Bd3 f6
9. O-O Bd7 10. Nc3 Be7 11. Na4 Qc7 12. Re1 fxe5 13. Nxe5 Nxe5 14. Bf4 Nf6 15.
Bxe5 Qd8 16. Bxf6 Bxf6 17. Nc5 Kf7 18. Qe2 Qe7 19. Qg4 b6 20. Nb3 a4 21. Nd2 e5
22. Bf5 Bxf5 23. Qxf5 g6 24. Qd3 e4 25. Qb5 Rhd8 26. Qxb6 Rab8 27. Qc5 Qxc5 28.
dxc5 Rxb2 29. Nf1 Bd4 30. Ne3 Bxc5 31. Rac1 Bxa3 32. Rc7+ Be7 33. Ra7 a3 34.
Ra1 Ke6 35. Nd1 Rd2 36. Ra6+ Bd6 37. Nc3 Kf5 38. Nb1 Rd1# 0-1

[Event "4NCL/Div4/GUI5 vs. WEA2"]
[Site "Sunningdale ENG"]
[Date "2007.02.10"]
[Round "5.4"]
[White "Galliano, Alex"]
[Black "Mills, Nigel"]
[Result "1-0"]
[WhiteElo "1885"]
[BlackElo "1705"]
[PlyCount "107"]
[EventDate "2007.02.10"]
[EventType "team"]
[EventRounds "11"]
[EventCountry "ENG"]

1. e4 c5 2. c3 Nf6 3. e5 Nd5 4. d4 Qc7 5. Nf3 e6 6. Bc4 Nb6 7. Be2 Nc6 8. O-O
a6 9. Nbd2 cxd4 10. cxd4 d6 11. exd6 Qxd6 12. Ne4 Qd5 13. Nc3 Qd6 14. Be3 Qb8
15. Qb3 Nb4 16. Rac1 N4d5 17. Nxd5 Nxd5 18. Rc2 Bd6 19. Rfc1 O-O 20. g3 b5 21.
a3 Bb7 22. Qd3 Ra7 23. Ng5 Nf6 24. d5 h6 25. Bxa7 Qxa7 26. dxe6 hxg5 27. exf7+
Kh8 28. Qxd6 Qxf2+ 29. Kxf2 Ne4+ 30. Kg1 Nxd6 31. Bh5 g6 32. Bxg6 Kg7 33. Bh5
Kh6 34. Bg4 Rxf7 35. Rc7 Be4 36. Rxf7 Nxf7 37. Kf2 Ne5 38. Be2 Bd3 39. Rc5 Bxe2
40. Rxe5 Bc4 41. Re7 a5 42. a4 bxa4 43. Ra7 Bb3 44. Rxa5 Bd1 45. h4 gxh4 46.
gxh4 Bc2 47. Ke3 Bd1 48. Kd2 Bb3 49. Kc3 Bd1 50. Kb4 Bc2 51. Rxa4 Bxa4 52. Kxa4
Kh5 53. b4 Kxh4 54. b5 1-0

[Event "4NCL/Div4/GUI5 vs. WEA2"]
[Site "Sunningdale ENG"]
[Date "2007.02.10"]
[Round "5.5"]
[White "Kokossis, Danae"]
[Black "Jones, William"]
[Result "0-1"]
[WhiteElo "1595"]
[BlackElo "1865"]
[PlyCount "150"]
[EventDate "2007.02.10"]
[EventType "team"]
[EventRounds "11"]
[EventCountry "ENG"]

1. e4 c5 2. Nf3 d6 3. d4 cxd4 4. Nxd4 Nf6 5. Nc3 a6 6. Be3 e5 7. Nf3 Qc7 8. Be2
Be7 9. O-O b5 10. Nd2 Bb7 11. Bf3 Nbd7 12. a3 O-O 13. Nb3 Rac8 14. Rc1 Nc5 15.
Nxc5 dxc5 16. Qe2 Rcd8 17. Rfd1 c4 18. g3 Bc5 19. Bxc5 Qxc5 20. Bg2 Rd4 21. Rd2
a5 22. a4 b4 23. Nb1 c3 24. bxc3 bxc3 25. Rxd4 exd4 26. Re1 Re8 27. Qd3 Bc6 28.
Rd1 Rb8 29. e5 Nd5 30. Bxd5 Qxd5 31. f3 Qxf3 32. Qxf3 Bxf3 33. Re1 h6 34. Na3
Bc6 35. Rd1 Rd8 36. Nb5 Bxb5 37. axb5 Kf8 38. b6 Ke7 39. b7 Rb8 40. Rxd4 Rxb7
41. Rc4 Ra7 42. Rxc3 a4 43. Ra3 Ke6 44. Kf2 Kxe5 45. Ke3 Kd5 46. Kd3 Kc5 47. c3
Kb5 48. h4 Rd7+ 49. Kc2 Re7 50. Kd2 Re4 51. Kd3 Re1 52. Kd2 Rb1 53. Kc2 Rg1 54.
Kd2 Rg2+ 55. Kc1 g5 56. hxg5 hxg5 57. c4+ Kb4 58. Rf3 a3 59. Rxf7 a2 60. Ra7
a1=Q+ 61. Rxa1 Kb3 62. Ra5 Kc3 63. Ra3+ Kxc4 64. Rf3 Kd4 65. Kd1 Ke4 66. Ra3
Kf5 67. Ke1 Kg4 68. Kf1 Rxg3 69. Rxg3+ Kxg3 70. Kg1 g4 71. Kh1 Kf2 72. Kh2 g3+
73. Kh1 g2+ 74. Kh2 g1=Q+ 75. Kh3 Qg3# 0-1

[Event "4NCL/Div4/GUI5 vs. WEA2"]
[Site "Sunningdale ENG"]
[Date "2007.02.10"]
[Round "5.6"]
[White "Maguire, Robert"]
[Black "Kokossis, Antonis"]
[Result "1/2-1/2"]
[WhiteElo "1795"]
[BlackElo "1590"]
[PlyCount "97"]
[EventDate "2007.02.10"]
[EventType "team"]
[EventRounds "11"]
[EventCountry "ENG"]

1. e4 e5 2. Nf3 Nc6 3. Bb5 a6 4. Ba4 Nf6 5. d3 b5 6. Bb3 Be7 7. Nc3 d6 8. h3
O-O 9. Nd5 Na5 10. Nxe7+ Qxe7 11. Bg5 Nxb3 12. axb3 Qe6 13. Bxf6 Qxf6 14. d4
exd4 15. Qxd4 Re8 16. O-O Qxd4 17. Nxd4 Rxe4 18. Nxb5 Re7 19. Rae1 Be6 20. Ra1
Kf8 21. f4 Bf5 22. Nd4 Be4 23. Rfe1 c5 24. Rxe4 Rxe4 25. Nb5 Ke7 26. c3 Kd7 27.
g3 Re2 28. Ra2 Re3 29. c4 Kc6 30. Kf2 Rxb3 31. h4 Rb4 32. Na3 Kb6 33. g4 Re8
34. g5 Rb3 35. Nb1 Rh3 36. Nc3 Rxh4 37. Kg3 Rh1 38. Nd5+ Kb7 39. Rxa6 Re3+ 40.
Nxe3 Kxa6 41. Nf5 Rb1 42. Nxd6 f6 43. gxf6 gxf6 44. Ne4 Rxb2 45. Nxc5+ Ka5 46.
Nd7 f5 47. Kh4 Rb7 48. Ne5 Rg7 49. Kh5 1/2-1/2

[Event "4NCL/Div4/ATH2 vs. CONQ2"]
[Site "Sunningdale ENG"]
[Date "2007.02.10"]
[Round "5.1"]
[White "Wilson, David"]
[Black "Auckland, Elliott"]
[Result "1-0"]
[WhiteElo "1740"]
[BlackElo "1850"]
[PlyCount "109"]
[EventDate "2007.02.10"]
[EventType "team"]
[EventRounds "11"]
[EventCountry "ENG"]

1. e4 e5 2. Nf3 Nf6 3. Nc3 Nc6 4. Bb5 d6 5. h3 Be7 6. d4 exd4 7. Nxd4 Bd7 8.
O-O O-O 9. Nxc6 bxc6 10. Bc4 Be6 11. Bd3 d5 12. e5 Nd7 13. Qh5 g6 14. Qe2 Nc5
15. Bh6 Re8 16. f4 Nxd3 17. cxd3 f6 18. Rf3 Qd7 19. Raf1 f5 20. b3 d4 21. Nd1
Bd5 22. R3f2 Bh4 23. g4 fxg4 24. Qxg4 Bxf2+ 25. Nxf2 Be6 26. Qg3 Bf5 27. Ng4
Bxg4 28. hxg4 Qe6 29. Rc1 a5 30. Qg2 Ra6 31. Re1 a4 32. f5 Qd5 33. f6 Qxg2+ 34.
Kxg2 Kf7 35. b4 c5 36. bxc5 Rc6 37. Bf4 Rxc5 38. Re2 Rc3 39. Rd2 Re6 40. Kf3
Rec6 41. Rh2 Kg8 42. Ke4 Rc2 43. Rxc2 Rxc2 44. e6 Rf2 45. f7+ Kf8 46. Bxc7 h5
47. gxh5 gxh5 48. Bd6+ Kg7 49. Be5+ Kg6 50. Bxd4 Rf1 51. Bc5 Kg7 52. f8=Q+ Rxf8
53. Bxf8+ Kxf8 54. d4 Ke7 55. d5 1-0

[Event "4NCL/Div4/ATH2 vs. CONQ2"]
[Site "Sunningdale ENG"]
[Date "2007.02.10"]
[Round "5.2"]
[White "Adair, James"]
[Black "Foster, James M"]
[Result "1-0"]
[WhiteElo "1830"]
[BlackElo "1665"]
[PlyCount "69"]
[EventDate "2007.02.10"]
[EventType "team"]
[EventRounds "11"]
[EventCountry "ENG"]

1. e4 e6 2. d4 d5 3. Nc3 Bb4 4. e5 c5 5. Bd2 a6 6. a3 Bxc3 7. Bxc3 Ne7 8. dxc5
Qc7 9. f4 Qxc5 10. Qd2 Qc7 11. Nf3 Nbc6 12. O-O-O Bd7 13. Bd3 O-O-O 14. Ng5 Be8
15. Rhe1 h6 16. Nf3 Bd7 17. g4 g6 18. h4 h5 19. Ng5 Rdf8 20. gxh5 Rxh5 21. Rh1
d4 22. Bb4 Nxb4 23. Qxb4 Bc6 24. Be4 Rxg5 25. Bxc6 Rf5 26. Be4 Rxf4 27. Rxd4
Rh8 28. Bxb7+ Qxb7 29. Qxb7+ Kxb7 30. Rxf4 Rf8 31. c4 Nf5 32. Kd2 Rd8+ 33. Kc3
Kc6 34. b4 Kb6 35. Rf3 1-0

[Event "4NCL/Div4/ATH2 vs. CONQ2"]
[Site "Sunningdale ENG"]
[Date "2007.02.10"]
[Round "5.3"]
[White "Sant, Maria"]
[Black "O'Neill, Tom C"]
[Result "0-1"]
[WhiteElo "1420"]
[BlackElo "1690"]
[PlyCount "50"]
[EventDate "2007.02.10"]
[EventType "team"]
[EventRounds "11"]
[EventCountry "ENG"]

1. e4 c5 2. Nc3 g6 3. f4 d6 4. Nf3 Bg7 5. Bc4 e6 6. O-O a6 7. Be2 Nc6 8. d3
Nge7 9. Ng5 Nd4 10. Bg4 h5 11. Bh3 b5 12. Ne2 Qb6 13. f5 exf5 14. exf5 c4 15.
Nxd4 Bxd4+ 16. Kh1 f6 17. Ne4 Bxf5 18. Bxf5 Nxf5 19. Qe1 O-O-O 20. c3 d5 21.
Nf2 Rde8 22. Qd1 Bxf2 23. Rxf2 Qxf2 24. Bd2 Re2 25. Be1 Qxg2# 0-1

[Event "4NCL/Div4/JUTK vs. MET"]
[Site "Sunningdale ENG"]
[Date "2007.02.11"]
[Round "6.1"]
[White "Cooley, Chris"]
[Black "Noden, Nicolas"]
[Result "1-0"]
[WhiteElo "2255"]
[BlackElo "2185"]
[PlyCount "49"]
[EventDate "2007.02.11"]
[EventType "team"]
[EventRounds "11"]
[EventCountry "ENG"]

1. e4 c5 2. c3 Nf6 3. e5 Nd5 4. d4 cxd4 5. Nf3 e6 6. cxd4 b6 7. Nc3 Nxc3 8.
bxc3 Qc7 9. Bd2 Bb7 10. Bd3 d6 11. Qe2 Nd7 12. O-O Be7 13. Rfe1 dxe5 14. Ng5 h6
15. Qh5 O-O 16. Nh7 Rfd8 17. Bxh6 e4 18. Bxg7 Qf4 19. Bxe4 Bxe4 20. Rxe4 Qf5
21. Nf6+ Kxg7 22. Rg4+ Qg6 23. Qh7+ Kxf6 24. Rf4+ Qf5 25. Qh6# 1-0

[Event "4NCL/Div4/JUTK vs. MET"]
[Site "Sunningdale ENG"]
[Date "2007.02.11"]
[Round "6.2"]
[White "Fogarasi, Norbert"]
[Black "Naylor, John"]
[Result "0-1"]
[WhiteElo "2194"]
[BlackElo "2219"]
[PlyCount "62"]
[EventDate "2007.02.11"]
[EventType "team"]
[EventRounds "11"]
[EventCountry "ENG"]

1. e4 e5 2. Nc3 Nf6 3. Bc4 Nxe4 4. Qh5 Nd6 5. Bb3 Nc6 6. Nb5 g6 7. Qf3 f5 8.
Qd5 Qe7 9. Nxc7+ Kd8 10. Nxa8 b6 11. Nxb6 axb6 12. Qf3 Bb7 13. Qg3 f4 14. Qg4
h5 15. Qxg6 e4 16. Nh3 Bh6 17. Qxh5 f3 18. Nf4 Bg7 19. Ng6 Rxh5 20. Nxe7 Kxe7
21. g3 Ba6 22. h4 Be2 23. g4 Rc5 24. d3 exd3 25. c3 Ne4 26. Be3 Rxc3 27. Bd5
Rc2 28. Bxe4 Bxb2 29. Rd1 Bc3+ 30. Bd2 Rxd2 31. Rxd2 Nb4 0-1

[Event "4NCL/Div4/JUTK vs. MET"]
[Site "Sunningdale ENG"]
[Date "2007.02.11"]
[Round "6.3"]
[White "Harakis, Alexis"]
[Black "Dickson, George"]
[Result "1-0"]
[WhiteElo "2172"]
[BlackElo "2174"]
[PlyCount "51"]
[EventDate "2007.02.11"]
[EventType "team"]
[EventRounds "11"]
[EventCountry "ENG"]

1. d4 f5 2. Qd3 g6 3. e4 fxe4 4. Qxe4 Nf6 5. Qh4 Bg7 6. Bh6 Bxh6 7. Qxh6 d5 8.
Nf3 Qd6 9. Bd3 Bf5 10. Ne5 Bxd3 11. Nxd3 Nc6 12. c3 Qe6+ 13. Qe3 Qxe3+ 14. fxe3
Ng4 15. Ke2 O-O 16. Nd2 Rae8 17. h3 Nf6 18. b4 e5 19. Kd1 exd4 20. exd4 Re3 21.
Kc2 Ne4 22. Rhe1 Rg3 23. Re2 a5 24. Nxe4 dxe4 25. Nc5 Rg5 26. Ne6 1-0

[Event "4NCL/Div4/JUTK vs. MET"]
[Site "Sunningdale ENG"]
[Date "2007.02.11"]
[Round "6.4"]
[White "Calvert, D Ian"]
[Black "Mack, Andy"]
[Result "1/2-1/2"]
[WhiteElo "2066"]
[BlackElo "2222"]
[PlyCount "30"]
[EventDate "2007.02.11"]
[EventType "team"]
[EventRounds "11"]
[EventCountry "ENG"]

1. b3 Nf6 2. Bb2 g6 3. Nf3 Bg7 4. g3 O-O 5. Bg2 d6 6. d4 Nbd7 7. O-O e5 8. dxe5
Ng4 9. Qc1 Ngxe5 10. Nbd2 Qe7 11. e3 Nxf3+ 12. Nxf3 Ne5 13. Nxe5 Bxe5 14. Re1
Rb8 15. f4 Bxb2 1/2-1/2

[Event "4NCL/Div4/JUTK vs. MET"]
[Site "Sunningdale ENG"]
[Date "2007.02.11"]
[Round "6.5"]
[White "Rice, Chris"]
[Black "Djabri, Zafer M"]
[Result "0-1"]
[WhiteElo "2110"]
[BlackElo "2071"]
[PlyCount "52"]
[EventDate "2007.02.11"]
[EventType "team"]
[EventRounds "11"]
[EventCountry "ENG"]

1. c4 c5 2. g3 Nc6 3. Bg2 g6 4. Nc3 Bg7 5. Nf3 e6 6. d4 cxd4 7. Nb5 d5 8. cxd5
Qa5+ 9. Qd2 Qxb5 10. dxc6 e5 11. O-O Ne7 12. a4 Qb6 13. a5 Qb5 14. cxb7 Bxb7
15. a6 Bxf3 16. Bxf3 Rd8 17. Ra5 Qb6 18. b4 O-O 19. Ba3 Rfe8 20. Bb7 Qe6 21.
Rc1 e4 22. Rac5 Qb3 23. Qb2 Qxb2 24. Bxb2 Nf5 25. Rd1 d3 26. Rd2 Bxb2 0-1

[Event "4NCL/Div4/JUTK vs. MET"]
[Site "Sunningdale ENG"]
[Date "2007.02.11"]
[Round "6.6"]
[White "Fegan, Chris"]
[Black "Robertson, Mark"]
[Result "1-0"]
[WhiteElo "2058"]
[BlackElo "2105"]
[PlyCount "103"]
[EventDate "2007.02.11"]
[EventType "team"]
[EventRounds "11"]
[EventCountry "ENG"]

1. d4 Nf6 2. Nf3 g6 3. Nc3 Bg7 4. e4 d6 5. Be2 O-O 6. h3 e6 7. O-O Nc6 8. Bg5
h6 9. Bh4 Ne7 10. Qd2 b6 11. Bxf6 Bxf6 12. Qxh6 Nc6 13. Rad1 Bb7 14. Bc4 a6 15.
Bxe6 Bg7 16. Qxg6 Ne7 17. Qh5 fxe6 18. Ng5 Rf6 19. e5 Rg6 20. Qh7+ Kf8 21. Qxg6
Nxg6 22. Nxe6+ Kf7 23. Nxd8+ Rxd8 24. f4 Rg8 25. g3 Ne7 26. g4 b5 27. a3 Rh8
28. Rd3 Nd5 29. Ne4 Ke7 30. Ng3 Kd7 31. Nh5 Bf8 32. b3 Be7 33. c4 Nb6 34. Rc1
Be4 35. Re3 Bg6 36. Nf6+ Bxf6 37. exf6 Re8 38. Rxe8 Bxe8 39. f5 bxc4 40. bxc4
Bf7 41. d5 Ke8 42. g5 Bh5 43. g6 Nd7 44. Re1+ Ne5 45. Rb1 Nd7 46. f7+ Ke7 47.
Rb7 Kf6 48. Rxc7 Nf8 49. Rc8 Kg7 50. f6+ Kxf6 51. Rxf8 Bxg6 52. Rg8 1-0

[Event "4NCL/Div4/NOTT1 vs. FCA2"]
[Site "Sunningdale ENG"]
[Date "2007.02.11"]
[Round "6.1"]
[White "Richmond, Robert J"]
[Black "Fraser-Mitchell, Jeremy"]
[Result "1/2-1/2"]
[WhiteElo "2227"]
[BlackElo "2073"]
[PlyCount "121"]
[EventDate "2007.02.11"]
[EventType "team"]
[EventRounds "11"]
[EventCountry "ENG"]

1. d4 f5 2. c4 Nf6 3. Nc3 g6 4. g3 Bg7 5. Bg2 O-O 6. Nf3 d6 7. O-O Qe8 8. d5
Na6 9. Nd4 Bd7 10. Rb1 c6 11. dxc6 bxc6 12. b4 Rc8 13. Nc2 Qf7 14. Ne3 f4 15.
gxf4 Nh5 16. Ne4 Nxf4 17. Bf3 c5 18. b5 Nc7 19. Nd5 Nh3+ 20. Kh1 Nxd5 21. cxd5
Bf5 22. Be3 h6 23. Rb3 g5 24. Ra3 Rc7 25. Ng3 Bd7 26. Qd3 Be5 27. Qc4 Nf4 28.
Rb3 g4 29. Be4 Qf6 30. Bxf4 Qxf4 31. f3 Bd4 32. e3 Bxe3 33. Ne2 Qg5 34. f4 Bxf4
35. Rxf4 Rcc8 36. Rg3 h5 37. Bd3 Rxf4 38. Nxf4 Bxb5 39. Qe4 Bxd3 40. Rxd3 Rf8
41. Ne2 Rf5 42. Qe6+ Kf8 43. Rb3 Qf6 44. Qxf6+ Rxf6 45. Rb7 Rf2 46. Rb2 h4 47.
Kg1 g3 48. hxg3 hxg3 49. Rb8+ Kf7 50. Nxg3 Rxa2 51. Rb7 Rd2 52. Nf5 Rxd5 53.
Nxe7 Rd2 54. Rxa7 Ke6 55. Kf1 d5 56. Ke1 Rh2 57. Nc6 Kd6 58. Na5 c4 59. Nxc4+
dxc4 60. Ra5 c3 61. Kd1 1/2-1/2

[Event "4NCL/Div4/NOTT1 vs. FCA2"]
[Site "Sunningdale ENG"]
[Date "2007.02.11"]
[Round "6.2"]
[White "Goldsworthy, Patrick"]
[Black "Levens, David"]
[Result "1-0"]
[WhiteElo "2089"]
[BlackElo "2085"]
[PlyCount "119"]
[EventDate "2007.02.11"]
[EventType "team"]
[EventRounds "11"]
[EventCountry "ENG"]

1. e4 c5 2. Nf3 d6 3. d4 cxd4 4. Nxd4 Nf6 5. Nc3 g6 6. Be3 Bg7 7. Qd2 Ng4 8.
Bg5 h6 9. Bh4 Nc6 10. Nb3 Be6 11. f4 O-O 12. h3 Nf6 13. O-O-O Bxb3 14. cxb3 Qa5
15. Kb1 Rac8 16. Bd3 Nb4 17. Be1 Nd7 18. Na4 b5 19. Qxb4 Qxb4 20. Bxb4 bxa4 21.
bxa4 Rb8 22. Ba3 Nc5 23. Bc2 Rfc8 24. Rhe1 Rb6 25. e5 Rcb8 26. Kc1 Na6 27. Bb3
Nb4 28. exd6 exd6 29. Re7 d5 30. Rxa7 h5 31. g4 Rc8+ 32. Kb1 Bh6 33. Bxb4 Rxb4
34. gxh5 gxh5 35. Rg1+ Kf8 36. Bxd5 Rxf4 37. b3 Rf2 38. Ra8 Rxa8 39. Bxa8 Bg7
40. Rg2 Rf1+ 41. Kc2 Ra1 42. Kd3 Rh1 43. Rg3 Ra1 44. Rf3 Be5 45. Rf5 f6 46.
Rxh5 Rxa2 47. Bd5 Ke7 48. Bc4 Kd6 49. Ke4 Rd2 50. a5 Kc5 51. a6 Rd4+ 52. Kf5
Rd7 53. Rh8 Kb6 54. h4 Ka5 55. h5 Rg7 56. h6 Rg5+ 57. Ke6 Bd4 58. Rd8 Re5+ 59.
Kf7 Bc5 60. h7 1-0

[Event "4NCL/Div4/NOTT1 vs. FCA2"]
[Site "Sunningdale ENG"]
[Date "2007.02.11"]
[Round "6.3"]
[White "Mercs, Peter J"]
[Black "Kendall, Paul S N"]
[Result "1-0"]
[WhiteElo "2066"]
[BlackElo "2080"]
[PlyCount "139"]
[EventDate "2007.02.11"]
[EventType "team"]
[EventRounds "11"]
[EventCountry "ENG"]

1. e4 e5 2. Bc4 Nf6 3. d4 exd4 4. Nf3 Nc6 5. e5 d5 6. Bb5 Ne4 7. Nxd4 Qh4 8.
O-O Bc5 9. Be3 O-O 10. Nf3 Qd8 11. Bxc5 Nxc5 12. Nc3 Be6 13. Bxc6 bxc6 14. Nd4
Bd7 15. f4 Qe7 16. Qh5 f5 17. Nb3 Ne6 18. Rad1 Rab8 19. Qe2 a5 20. a3 Nc5 21.
Qf2 Nxb3 22. cxb3 Rxb3 23. Na4 Rb5 24. Rd2 Rfb8 25. Rc1 Kf7 26. Nc5 Be6 27.
Rdc2 Bc8 28. Qd4 Qh4 29. e6+ Kg8 30. Qe5 Qf6 31. Nd7 Bxd7 32. exd7 d4 33. Qxf6
gxf6 34. Re2 Kf7 35. Rxc6 Rd8 36. Rxc7 Rd5 37. Kf2 R8xd7 38. Rxd7+ Rxd7 39. Rc2
Ke6 40. Rc6+ Ke7 41. Rc4 d3 42. Ke1 Rb7 43. b4 axb4 44. axb4 Ke6 45. Kd2 Rg7
46. g3 h5 47. Kxd3 h4 48. gxh4 Rg4 49. h5 Rh4 50. b5 Rxh5 51. Rc6+ Kd5 52. Kc3
Rh3+ 53. Kb4 Rxh2 54. Rc5+ Ke4 55. Rc4+ Kd5 56. Rc3 Rf2 57. b6 Rb2+ 58. Ka5
Ra2+ 59. Kb5 Rb2+ 60. Ka6 Ke4 61. Rc4+ Kd5 62. Rc1 Ke4 63. Rf1 Kd5 64. Kb7 Kd6
65. Rd1+ Ke7 66. Rd4 Ke6 67. Kc7 Rc2+ 68. Kb8 Rb2 69. b7 Rb1 70. Ra4 1-0

[Event "4NCL/Div4/NOTT1 vs. FCA2"]
[Site "Sunningdale ENG"]
[Date "2007.02.11"]
[Round "6.4"]
[White "Elwin, Adrian G"]
[Black "Truman, Richard G"]
[Result "1/2-1/2"]
[WhiteElo "2048"]
[BlackElo "2027"]
[PlyCount "56"]
[EventDate "2007.02.11"]
[EventType "team"]
[EventRounds "11"]
[EventCountry "ENG"]

1. Nf3 g6 2. c4 Bg7 3. Nc3 Nf6 4. e4 d6 5. d4 O-O 6. Be2 e5 7. dxe5 dxe5 8.
Qxd8 Rxd8 9. Bg5 c6 10. Nxe5 Re8 11. O-O-O Nh5 12. Nf3 Na6 13. Nd2 f5 14. f3
Bxc3 15. bxc3 Nc5 16. Be3 Na4 17. Kc2 fxe4 18. fxe4 Nf6 19. Bd4 Nxe4 20. Nxe4
Rxe4 21. Bd3 Re8 22. Rde1 Bg4 23. Rhf1 Nb6 24. c5 Nd5 25. a3 Rad8 26. h3 Bd7
27. Kd2 Rxe1 28. Rxe1 Re8 1/2-1/2

[Event "4NCL/Div4/NOTT1 vs. FCA2"]
[Site "Sunningdale ENG"]
[Date "2007.02.11"]
[Round "6.5"]
[White "Lakhani, Kishan"]
[Black "Valentine, Brian J"]
[Result "1-0"]
[WhiteElo "1968"]
[BlackElo "2010"]
[PlyCount "69"]
[EventDate "2007.02.11"]
[EventType "team"]
[EventRounds "11"]
[EventCountry "ENG"]

1. e4 e5 2. Nf3 Nc6 3. Bb5 a6 4. Ba4 Nf6 5. O-O Be7 6. Re1 O-O 7. c3 d6 8. h3
b5 9. Bb3 Re8 10. d3 Na5 11. Bc2 c5 12. Nbd2 Bf8 13. Nf1 d5 14. exd5 Qxd5 15.
Bg5 Qd6 16. d4 cxd4 17. cxd4 exd4 18. Bxf6 Rxe1 19. Qxe1 Qxf6 20. Qe4 g6 21.
Qxa8 Bb7 22. Qb8 Bxf3 23. gxf3 Nc6 24. Qc8 Kg7 25. Be4 Ne5 26. Rd1 d3 27. Nh2
h5 28. Qc3 b4 29. Qd4 Kh7 30. Bxd3 Nxf3+ 31. Nxf3 Qxf3 32. Bc4 Bc5 33. Qd2 Qxh3
34. Qf4 Bxf2+ 35. Kxf2 1-0

[Event "4NCL/Div4/NOTT1 vs. FCA2"]
[Site "Sunningdale ENG"]
[Date "2007.02.11"]
[Round "6.6"]
[White "Majer, Chris E"]
[Black "Webster, Richard J"]
[Result "1-0"]
[WhiteElo "2012"]
[BlackElo "1976"]
[PlyCount "39"]
[EventDate "2007.02.11"]
[EventType "team"]
[EventRounds "11"]
[EventCountry "ENG"]

1. e4 e6 2. d4 d5 3. e5 c5 4. c3 Nc6 5. Nf3 Bd7 6. Bd3 Qb6 7. O-O cxd4 8. cxd4
Nxd4 9. Nxd4 Qxd4 10. Nc3 a6 11. Qe2 Ne7 12. Kh1 h5 13. f4 Nf5 14. Rd1 Qc5 15.
Bxf5 exf5 16. Nxd5 O-O-O 17. Be3 Qb5 18. Qc2+ Qc6 19. Qb3 Qb5 20. Nb6+ 1-0

[Event "4NCL/Div4/HC vs. PPA2"]
[Site "Sunningdale ENG"]
[Date "2007.02.11"]
[Round "6.1"]
[White "Tavoularis, Nicholas"]
[Black "Goodger, Martyn"]
[Result "1-0"]
[WhiteElo "2265"]
[BlackElo "2096"]
[PlyCount "81"]
[EventDate "2007.02.11"]
[EventType "team"]
[EventRounds "11"]
[EventCountry "ENG"]

1. c4 f5 2. Nc3 Nf6 3. g3 d6 4. d4 e6 5. Bg2 Be7 6. Nf3 O-O 7. O-O Ne4 8. Qc2
Nxc3 9. bxc3 Nc6 10. e4 e5 11. dxe5 dxe5 12. Rd1 Qe8 13. Rd5 Be6 14. exf5 Bxf5
15. Qe2 Qh5 16. Qe1 Bf6 17. Be3 Be4 18. Nd2 Bxd5 19. Bxd5+ Kh8 20. Rb1 Nd8 21.
Bg2 c6 22. Ne4 b6 23. c5 Qf5 24. Qe2 b5 25. Nd6 Qe6 26. Rxb5 Be7 27. Ra5 Bxd6
28. cxd6 Qxd6 29. Bc5 Qc7 30. Ra4 Rf6 31. Rh4 Ne6 32. Ba3 Rd8 33. Re4 Ng5 34.
Rc4 Qa5 35. Bb4 Qb5 36. h4 Nf3+ 37. Bxf3 Rxf3 38. a4 Qa6 39. Rd4 Rxg3+ 40. fxg3
Qb6 41. a5 1-0

[Event "4NCL/Div4/HC vs. PPA2"]
[Site "Sunningdale ENG"]
[Date "2007.02.11"]
[Round "6.2"]
[White "Bailey, Kevin"]
[Black "Briscoe, Christopher"]
[Result "0-1"]
[WhiteElo "2108"]
[BlackElo "2121"]
[PlyCount "146"]
[EventDate "2007.02.11"]
[EventType "team"]
[EventRounds "11"]
[EventCountry "ENG"]

1. e4 c5 2. Nf3 d6 3. Bb5+ Bd7 4. Bxd7+ Qxd7 5. O-O g6 6. Qe2 Bg7 7. Rd1 Nc6 8.
c3 e5 9. d3 Nge7 10. Nbd2 O-O 11. a3 d5 12. Nf1 d4 13. c4 a6 14. Qc2 h6 15. Ng3
Qd6 16. Bd2 Rfc8 17. Rdc1 Rab8 18. Rab1 b5 19. cxb5 Rxb5 20. b3 Qe6 21. Rb2 f5
22. Rcb1 f4 23. Nf1 Nd8 24. a4 Rb7 25. Qc4 Qxc4 26. bxc4 Rcb8 27. Rxb7 Rxb7 28.
Rxb7 Nxb7 29. Ne1 Kf7 30. f3 Nc6 31. Nc2 Bf6 32. Kf2 Bd8 33. Ke2 Nb8 34. Na1
Nd7 35. Nb3 Nb6 36. a5 Nd7 37. g3 g5 38. g4 Nb8 39. Kd1 Nc6 40. Kc2 Ncxa5 41.
Kb2 Nc6 42. Ka3 h5 43. h3 hxg4 44. hxg4 Ke6 45. Ka4 Kd6 46. Be1 a5 47. Kb5 Ne7
48. Bd2 Ng6 49. Bxa5 Bxa5 50. Nxa5 Nxa5 51. Kxa5 Kc6 52. Nd2 Nh4 53. Ka6 Ng2
54. Ka5 Ne1 55. Ka6 Nxd3 56. Ka5 Nb2 57. Ka6 Na4 58. Ka5 Nc3 59. Ka6 d3 60. Ka7
Nb5+ 61. Ka6 Nd4 62. Ka7 Nc2 63. Ka6 Nb4+ 64. Ka5 Na2 65. Ka6 Nc3 66. Ka7 Ne2
67. Ka6 Nd4 68. Ka7 Nc2 69. Ka6 Ne3 70. Ka7 Nxc4 71. Nxc4 Kb5 72. Nb2 c4 73.
Kb7 Kc5 0-1

[Event "4NCL/Div4/HC vs. PPA2"]
[Site "Sunningdale ENG"]
[Date "2007.02.11"]
[Round "6.3"]
[White "Stinton-Brownbridge, Michael"]
[Black "Winfridsson, Ola"]
[Result "1/2-1/2"]
[WhiteElo "2025"]
[BlackElo "2099"]
[PlyCount "65"]
[EventDate "2007.02.11"]
[EventType "team"]
[EventRounds "11"]
[EventCountry "ENG"]

1. d4 Nf6 2. Nf3 d5 3. c4 dxc4 4. Nc3 c6 5. a4 Bf5 6. e3 e6 7. Bxc4 Nbd7 8. O-O
Be7 9. Re1 Nb6 10. Bd3 Bg4 11. Be2 c5 12. h3 Bh5 13. a5 Nbd7 14. e4 cxd4 15.
Nxd4 Bxe2 16. Qxe2 Bc5 17. Be3 O-O 18. Red1 Qe7 19. Bg5 h6 20. Bh4 Ne5 21. Nb3
Rfd8 22. Qb5 Rxd1+ 23. Rxd1 Rc8 24. Bxf6 gxf6 25. Nxc5 Rxc5 26. Qb4 Nc6 27. Rd7
Nxb4 28. Rxe7 Rxa5 29. Rxb7 Nd3 30. Kf1 Nf4 31. Kg1 Nd3 32. Kf1 Nf4 33. Kg1
1/2-1/2

[Event "4NCL/Div4/HC vs. PPA2"]
[Site "Sunningdale ENG"]
[Date "2007.02.11"]
[Round "6.4"]
[White "Retallick, Lloyd"]
[Black "Forman, Karl L"]
[Result "1-0"]
[WhiteElo "2065"]
[BlackElo "2035"]
[PlyCount "88"]
[EventDate "2007.02.11"]
[EventType "team"]
[EventRounds "11"]
[EventCountry "ENG"]

1. d4 Nf6 2. c4 g6 3. Nc3 d5 4. cxd5 Nxd5 5. e4 Nxc3 6. bxc3 Bg7 7. Qa4+ Bd7 8.
Qb3 Qc8 9. Nf3 O-O 10. Be2 c5 11. Be3 Nc6 12. Rc1 Qc7 13. O-O cxd4 14. cxd4 Qb6
15. d5 Qxb3 16. axb3 Ne5 17. Rc7 Nxf3+ 18. gxf3 Bh3 19. Rd1 Rfb8 20. Rxe7 Bf8
21. Rc7 Bd6 22. Rcc1 Re8 23. Bb5 Re5 24. Bf1 Bxf1 25. Kxf1 Ree8 26. h3 Kg7 27.
Ke2 a6 28. Kd3 Rac8 29. f4 Ba3 30. Rxc8 Rxc8 31. e5 Kf8 32. Ke4 Ke7 33. f5 Rc3
34. Bg5+ Kd7 35. e6+ Ke8 36. fxg6 hxg6 37. d6 Bxd6 38. Rxd6 fxe6 39. Rxe6+ Kd7
40. Rb6 Rxh3 41. Be3 Rh4+ 42. Kd3 Rh3 43. Rxb7+ Ke8 44. Ra7 g5 1-0